| 000 | 00333nam a2200109Ia 4500 | ||
|---|---|---|---|
| 008 | 180205s9999 xx 000 0 und d | ||
| 020 | _a9789710445943 | ||
| 100 | _aAstorga, Eriberto Jr, | ||
| 245 |
_aPagbasa, Pagsulat at Pananaliksik : _bfilipino 2 / |
||
| 260 |
_aIntramuros City _bMindshaper Co., Inc. _c2010 |
||
| 300 | _av, 175 pages | ||
| 999 |
_c354661 _d354661 |
||